• 首页
  • 本馆介绍
  • 公告通知
  • 最新文献
  • 馆藏检索
  • 电子资源
  • 读者导购
  • 参考咨询
  • 我的图书馆
  • 登录
  • 详细信息显示
  • 放入我的书架
  • 预约/预借图书
  • 作者相关作品
  • 分类相关作品
  • 丛书相关作品
  • 出版社相关作品

书目信息

  • 表格格式
  • 工作单格式
  • 卡片格式
题名:
家庭副业二十例
    
 
作者: ;河北人民广播电台对农村广播节目组 编
分册:  
出版信息: 北京   农村读物出版社  1982
页数: 78页
开本: 19cm
丛书名: 多种经营丛书
单 册:
中图分类: S39
科图分类:
主题词: 多种经营-科学技术 , 科学技术-多种经营
电子资源:
ISBN:
000 00794nam2 2200265 45
001 0182010377
005 20060816105010.56
010    @dCNY0.28
091    @a4267.2
100    @a19950511d1982 em y0chiy0121 ea
101 0  @achi
102    @aCN@b110000
105    @ay z 000yy
200 10 @a家庭副业二十例@Ajia ting fu ye er shi li@f河北人民广播电台对农村广播节目组编
210    @a北京@c农村读物出版社@d1982
215    @a78页@d19cm
225 2  @a多种经营丛书
410  0 @120010@a多种经营丛书
606    @a多种经营-科学技术
606    @a科学技术-多种经营
690    @aS39@v3
711 02 @a河北人民广播电台对农村广播节目组@Ahe bei ren min guang bo dian tai dui nong cun guang bo jie mu zu@4编
801  2 @aCN@bNLC@c20060816
801  0 @aCN@bTSSF@c20060802
905    @a10447@dS39@e20
    
    家庭副业二十例/河北人民广播电台对农村广播节目组编.-北京:农村读物出版社,1982
    78页;19cm.-(多种经营丛书)
    
    
    ISBN :CNY0.28
    
●
相关链接 在E读中查询图书 在五车中查询图书 在当当中查询图书 在豆瓣中查询图书


正题名:家庭副业二十例     索取号:S39/20         预约/预借

序号 登录号 条形码 馆藏地/架位号 状态 备注
1 0439286   204392861   密集书库/ [索取号:S39/20] 在馆    
2 0439535   204395350   密集书库/ [索取号:S39/20] 在馆    
3 0458665   204586652   密集书库/ [索取号:S39/20] 在馆    
唐山师范学院图书馆 欢迎您!
大连网信软件有限公司© 版权所有